Introducción a la tipología textual

محفوظ في:
التفاصيل البيبلوغرافية
المؤلف الرئيسي: Loureda Lamas, Óscar (autor)
التنسيق: كتاب
اللغة:الإسبانية
منشور في: Madrid Arco Libros 2009
الطبعة:2a. ed
سلاسل:Cuadernos de Lengua Española, 78
الموضوعات:
الوسوم: إضافة وسم
لا توجد وسوم, كن أول من يضع وسما على هذه التسجيلة!

MARC

LEADER 00000nam a2200000 a 4500
001 UCG2218
003 CL-VaPUC
008 100624e20090000SP |||||||||||||||||spa|d
020 |a 9788476355572 
082 0 4 |a 401.41  |b LOU  |2 21 
100 |a Loureda Lamas, Óscar   |e autor  |9 858988 
245 1 0 |a Introducción a la tipología textual 
250 |a 2a. ed 
300 |a 94 p 
942 |c BK 
945 |d 20100624 00:00:00  |a dcastane 
260 |a Madrid  |b Arco Libros  |c 2009 
650 0 |a Análisis del discurso  |9 256696 
650 0 |a Lingüística  |9 265068 
650 0 |a Semántica  |9 265318 
583 |a last modification  |c 20100624 00:00:00  |k Rodrigo Vera 
490 0 |a Cuadernos de Lengua Española, 78 
999 |c 341447  |d 341445 
952 |0 0  |1 0  |4 0  |6 401_410000000000000_LOU_2009  |7 0  |8 A  |9 436955  |a FDOPOS  |b FDOPOS  |d 2019-11-22  |i 4691636  |o 401.41 LOU 2009  |p 4691636  |r 2025-01-22  |w 2019-11-22  |y BK  |k DLA